Geografía 2 : la argentina y el mercosur /

Guardado en:
Autor Principal: García, Carolina
Otros Autores: Saieb, Patricia
Formato: Libro
Publicado: Buenos Aires : Puerto de Palos, 2006
Series:Estudio
Materias:
Etiquetas: Agregar Etiqueta
Sin Etiquetas, Sea el primero en etiquetar este registro!
LEADER 01177nam a22003495a 4500
001 CEM.cems013045
005 20081103100429.0
008 130507s2006##################000#0#####d
003 CEMS
020 |a 987547262X 
082 0 4 |a 330.982 
100 1 |a García, Carolina 
245 1 0 |a Geografía 2 :  |b la argentina y el mercosur /  |c Carolina García, Patricia Saieb 
260 |a Buenos Aires :  |b Puerto de Palos,  |c 2006 
300 |a 272 p. 
490 0 |a Estudio 
500 |a Para Educación Secundaria Básica 
505 0 |a Configuración del territorio y la sociedad argentina -- Organización económica del espacio nacional -- Argentina en el mundo 
653 |a Geografía 
653 |a Geografía argentina 
653 |a Mercosur 
653 |a Geografía-esb 
653 |a Geografía-polimodal 
653 |a Argentina-ambientes naturales 
653 |a Argentina-población 
653 |a Argentina-problemas ambientales 
653 |a Actividades primarias 
653 |a Actividades secundarias 
653 |a Comercio 
653 |a Argentina-circuitos productivos 
700 1 |a Saieb, Patricia 
859 |a CEMS  |b BIB. CEMS - 11 de abril  |h 330.982  |i G165  |p 25447.08  |t Ej.1